000 00584nam a2200229Ia 4500
003 OSt
005 20220918201123.0
006 a|||||r|||| 00| 0
007 ta
008 220917b |||||||| |||| 00| 0 eng d
024 _a91,825
037 _cTextual
040 _aARTS
_cARTS
_beng
041 _2eng
_aeng
082 _aV:71, J4
100 _aPlace Robin
_996925
245 0 _aDown to earth
_b a practical guide to archaeology
260 _c1954
650 _aARCHEOLOGY; HISTORY
_91499
942 _hV:71, J4
_cTEXL
_2CC
999 _c215482
_d215482